000 00836nam a2200289Ia 4500
001 74208
003 IT-RoPAU
008 130308s9999 xx 000 0 und d
040 _aIT-RoPAU
040 _cIT-RoPAU
041 _aITALIANO
100 _aOldfield Amelia
100 _gCodice Aut. SPICS: 25855
245 _aModalità di valutazione dell'intervento musicoterapeutico per handicappati mentali
245 _bMusicoterapia Realta' & Futuro-Atti del V congresso Mondiale di musicoterapia
250 _a1a ed.
260 _aTORINO
260 _bOmega
260 _c1988 [1° Ed.:1988 - Ed.Ling.Originale:1988]
300 _a"6 p. (prefazione: no ; testo: 6 [pagine: 218-223])"
650 _aSAGGI MUSICALI
650 _eCodice materia Spics: 7011
942 _cBK
957 _71
999 _c60090
_d60090
999 _bSI
999 _g1